Možnosti uplatnenia distribuovaného spracovania údajov v hierarchických systémoch riadenia výroby SPEV 902-533-107/05.2

Gespeichert in:
Bibliographische Detailangaben
1. Verfasser: Baláži, Štefan
Weitere Verfasser: Zajko, Marián
Format: Buch
Sprache:Slowakisch
Veröffentlicht: Bratislava VŠE 1987
Tags: Tag hinzufügen
Keine Tags, Fügen Sie das erste Tag hinzu!

MARC

LEADER 00000nam a2200000 4500
001 c039427
005 20260326070822.8
041 0 |a slo 
044 |a SK 
245 1 0 |a Možnosti uplatnenia distribuovaného spracovania údajov v hierarchických systémoch riadenia výroby  |b SPEV 902-533-107/05.2  |c Štefan Baláži, Marián Zajko 
264 1 |a Bratislava  |b VŠE  |c 1987 
300 |a 67 s. 
100 1 |a Baláži, Štefan 
700 1 |a Zajko, Marián